000 00886nam a22002897a 4500
001 8417
003 FISKH
005 20250910162023.0
008 250910b cb ||||| |||| 00| 0 eng d
020 _a9780545175760
040 _aFISKH
_beng
_cFISKH
_dFISKH
050 _aE468
082 _a973.7
100 _aPerriano, John
245 _aCivil War :
_bIncredible Facts and Photos /
_cBy John Perritano
260 _aNew York :
_bScholastic ,
_c1994.
300 _a32 pages :
_bcolor illustrations , with CD ,
_c25 cm .
490 _aAmerica at War
505 _aX
520 _aLearn about the Civil War, the leaders of the war, the battles and why the South seceded.
521 8 _a890
_bLexile estimate
521 8 _aX
_bRaz-Plus
650 _aAmerican Civil War
_vNon-fiction
700 _aCohn, Jessica
_eEditor
942 _2ddc
_cBK
_n0
999 _c8417
_d8417